000 01070nam a2200301 4500
003 EG-GICUC
005 20260303114220.0
008 260225s1956 nyu |||fr ||| 00| 0 eng d
040 _a EG-GICUC
_bfre
_c EG-GICUC
_d EG-GICUC
_erda
082 0 4 _a341.1
_bM O . P
_221
092 0 4 _221
099 _aLaw1 11 341.10747 H E . P 1956
100 1 _aMoreau Henri, Bressac Henri
_eAuthor.
110 1 _kCandless O. Carlysle Mc
_eContributor
245 _aPractical Studies In Foreign Law (French Corporations) /
_cby Messrs. Henri Moreau; Henri Bressac, Collaboration With O. Carlysle Mc Candless.
264 _aNew York City:
_bOceana Publications,
_c1956.
300 _a89 Pages :
_c24 Cm.
336 _2rda content
_atext
337 _2rda media
_aComputer
338 _2rda carrier
_aOnline Resource
546 _aText in English
650 1 4 _aPublic international law
_2qrmak
651 1 _2qrmak
700 0 _aCandless O. Carlysle Mc
_eContributor
856 4 0 _uhttps://fll.law.cu.edu.eg/fulltext/bks/B11-06434.pdf
905 _a64
942 _2ddc
_cBK
_e21
_n0
999 _c64187
_d64187